| 000 | 00526cam a22002171 4500 | ||
|---|---|---|---|
| 001 | he 68000793 | ||
| 003 | DLC | ||
| 005 | 20260227111455.0 | ||
| 008 | 831214s1967 is 000 0 heb | ||
| 010 | _ahe 68000793 | ||
| 035 | _a(OCoLC)19146947 | ||
| 040 |
_aDLC _cMH _dDLC |
||
| 042 | _apremarc | ||
| 050 | 0 | 0 |
_aPJ5054.A912 _bK4 |
| 100 | 1 |
_aAviel, Zwi, _d1928- |
|
| 245 | 1 | 0 | _aKetamim be-khaḥol. |
| 260 |
_aTel Aviv : _bAlef, _c[1967] |
||
| 300 |
_a56 p. ; _c22 cm. |
||
| 500 | _aPoems. | ||
| 752 |
_aIsrael _dTel Aviv |
||
| 999 |
_c33081 _d33081 |
||